I fasti dei tribuni della plebe.

Guardat en:
Dades bibliogràfiques
Autor principal: Niccolini, Giovanni (autore)
Format: Llibre
Idioma:italià
Publicat: Milano, Italia: Dott. Antonino Giuffrè, 1934.
Col·lecció:Fondazione Guglielmo Castelli, 7.
Matèries:
Etiquetes: Afegir etiqueta
Sense etiquetes, Sigues el primer a etiquetar aquest registre!

MARC

LEADER 00000nam a2200000 a 4500
001 UCR2816
003 CL-VaPUC
005 20220822114337.0
008 980116e19340000IT |||||||||||||||||ita|d
999 |c 265941  |d 265939 
040 |c Pontificia Universidad Católica de Valparaíso 
082 0 4 |a 340.54 NIC 1934   |2 21 
100 |a Niccolini, Giovanni  |e autore  |9 401222 
245 1 2 |a I fasti dei tribuni della plebe. 
260 |a Milano, Italia:  |b Dott. Antonino Giuffrè,   |c 1934. 
300 |a 589 páginas.  
490 0 |a Fondazione Guglielmo Castelli,   |v 7. 
500 |a c.3 Donación Familia Prof. Alejandro Guzmán Brito.  
583 |a last modification  |c 20170613 10:29:56  |k Rodrigo Vera 
650 0 |a Derecho romano  |9 255930 
650 0 |a Tribunales  |9 254872 
650 0 |a Aplicación de la ley  |9 338319 
650 0 |a Ordenamiento jurídico   |9 355371 
942 |c BK  |2 ddc  |n 0 
945 |d 19980116 00:00:00  |a aolguin 
952 |0 0  |1 0  |4 0  |6 340_540000000000000_NIC_1934  |7 0  |8 DER_ROM  |9 297104  |a BIBDER  |b BIBDER  |d 2019-11-20  |i 1934597  |o 340.54 NIC 1934  |p 1934597  |r 2023-01-25  |w 2019-11-20  |x Ubicación 4to piso  |y BK_X  |z Este recurso debe solicitarse con anticipación  |k DER 
952 |0 0  |1 0  |4 0  |6 340_540000000000000_NIC_1934  |7 0  |8 X  |9 297105  |a BIBHIS  |b BIBHIS  |d 2019-11-20  |i 1367838  |o 340.54 NIC 1934  |p 1367838  |r 2024-01-30  |w 2019-11-20  |y BK_X  |k HIS